Brazil... or Mexico? - Statistics

General Stats
  • This quiz has been taken 454 times
    373 since last reset
  • The average score is 13 of 20
Answer Stats
Question Answer % Correct
Where Spanish is the most-spoken language Mexico
94%
Higher population Brazil
86%
The capital is not the largest city Brazil
84%
Possess an urban area above a population of ten million Both
83%
Higher obesity rate Mexico
78%
Is a member of BRICS Brazil
75%
Higher population density Mexico
75%
Higher total military expenditure Brazil
68%
Most uranium reserves Brazil
67%
Higher homicide rate Mexico
65%
Larger total wine production Brazil
58%
Better performance on the HDI (i.e. better standard of living) Mexico
58%
Lower infant mortality rate Brazil
53%
Lower life expectancy Brazil
53%
Higher unemployment rate Brazil
52%
Higher GDP per capita Mexico
51%
Most billionaires per capita Brazil
47%
Higher average IQ Mexico
45%
Lower median age Mexico
45%
Higher population growth rate Mexico
42%
No matching quizzes found
Score Distribution
Percent of People with Each Score
Percentile by Number Answered
Your Score History
You have not taken this quiz since the last reset